| 000 | 00958nam a2200205 a 4500 | ||
|---|---|---|---|
| 005 | 20260322212009.0 | ||
| 008 | data | ||
| 099 | _aDVD WM 270 A234 | ||
| 100 | 1 | _aSamenow, Stanton E. | |
| 245 | 1 | 0 |
_aAccepting responsibility in a finger-pointing world/ _cStanton E. Samenow, Mark Spacht & FMS Productions. |
| 260 |
_aGeorgetown, TX : _bFMS Productions, _c2008. |
||
| 300 |
_aDVD video 3 videodiscs (128 min.) : sd., col. ; _b4 3/4 in. + 1 leader's guide/workbook (43 leaves ; 30 cm.) |
||
| 520 | 3 | _aIn the newest installment, Accepting Responsibility In a Finger-Pointing World, renowned expert in criminal thinking, Dr. Stanton Samenow, explores the concepts of justification thinking errors with a group of ex-offenders who are currently in recovery. | |
| 520 | 2 | _apt. 1. (40 min.) -- pt. 2. (45 min.) -- pt. 3. (43 min.) | |
| 650 | 0 | _aMental health | |
| 650 | 0 |
_aDrug abuse _xTreatment |
|
| 700 | 1 | _aSpacht, Mark | |
| 710 | 2 | _aFMS Productions. | |
| 001 | data | ||
| 999 |
_c181 _d181 |
||